000 00542nam a2200169 4500
999 _c4584
_d4584
008 160916b xxu||||| |||| 00| 0 eng d
022 _a2094-8042
082 _aDPer 370.105 M72 Jan-Dec 2012 v. 60-61
100 _914715
_aCaniza, Cecilia Q.
243 _aThe modern teacher
245 _aThe Manila fiestas of 1825/
_cCecilia Q. Caniza.
260 _aPhilippines:
_bIn the Grade School, Inc.,
_c©2012.
300 _av61 n5, pages 172-174;
_c28 cm.
500 _aThe Modern Teacher.
650 0 _914716
_aFestivals
942 _2ddc
_cPER